| 000 | 00715nam a22002651a 4500 | ||
|---|---|---|---|
| 001 | 16198 | ||
| 003 | BD-RjUL | ||
| 005 | 20211208235956.0 | ||
| 008 | 140211s1946 nyu 000 0 eng | ||
| 035 | _a(BD-RjUL)16253 | ||
| 035 | _a(OCoLC)1636898 | ||
| 040 |
_aDLC _cFM _dBD-RjUL _beng |
||
| 041 | _aeng | ||
| 070 | 0 |
_aHD5549.H76 _a1951 |
|
| 072 | 0 | 0 | _aX700 |
| 082 |
_a658.3 _bHUM 1946 |
||
| 245 | 1 | 0 |
_aHuman factors in management / _cedited by Schuyler Dean Hoslett. |
| 260 |
_aNew York : _bHarper, _cc1946. |
||
| 300 |
_a322 p. ; _c22 cm. |
||
| 650 | 0 |
_aPersonnel management. _950119 |
|
| 700 | 1 |
_aHoslett, Schuyler Dean. _950120 |
|
| 942 |
_2ddc _cBK |
||
| 999 |
_c16198 _d16198 |
||